Indian Folktales (Record no. 79293)

MARC details
000 -LEADER
fixed length control field 00502nam a22001937a 4500
005 - DATE AND TIME OF LATEST TRANSACTION
control field 20130911153423.0
010 ## - LCCN (DPL NO)
LC control number G-2222
020 ## - INTERNATIONAL STANDARD BOOK NUMBER
International Standard Book Number 9788184776652
Terms of availability 99.00
035 ## - SYSTEM CONTROL NUMBER
System control number G-2222
037 ## - SOURCE OF ACQUISITION
Stock number GIFT
082 ## - DEWEY DECIMAL CLASSIFICATION NUMBER
Classification number S
100 ## - MAIN ENTRY--PERSONAL NAME
Personal name Anupa Lal
245 ## - TITLE STATEMENT
Title Indian Folktales
Statement of responsibility, etc Anupa Lal
260 ## - PUBLICATION, DISTRIBUTION, ETC. (IMPRINT)
Place of publication, distribution, etc Gurgaon
Name of publisher, distributor, etc Scholastic
270 ## - ADDRESS
Address Golf View Corporate Tower-A,3rd Floor,DLF Phase V,
City Gurgaon
Postal code 122002
300 ## - PHYSICAL DESCRIPTION
Extent 116p
Other physical details ill.
Dimensions 18cm(pbk)
942 ## - ADDED ENTRY ELEMENTS (KOHA)
Source of classification or shelving scheme Dewey Decimal Classification
Item type Children Books
Classification part S
Call number prefix ANU
Holdings
Withdrawn status Lost status Not for loan Collection code Home library Current library Date acquired Cost, normal purchase price Full call number Barcode Copy number Koha item type
      Fiction Bagh Kadhe Khan Bagh Kadhe Khan 11/09/2013 99.00 S G-2222 1 Children Books

© Delhi Public Library
Hit Counter
free hit counter